| 000 | 02415nam1a2200313 i 4500 | ||
|---|---|---|---|
| 001 | RU\NLR\bibl\1211495 | ||
| 005 | 20260407175257.0 | ||
| 035 | _a(NLR Aleph) 001197920 | ||
| 090 |
_a1758777 _c1758777 |
||
| 100 | _a20080407g20079999k y0rusy50 ca | ||
| 101 | 0 | _arus | |
| 102 | _aRU | ||
| 105 | _a||||z ||||| | ||
| 200 | 1 |
_aИнновационная экономика и образование: особенности, достижения, перспективы _eсборник материалов IV Международной научно-практической конференции [и материалы Круглого стола "Организация поддержки субъектов малого и среднего предпринимательства в области инноваций", состоявшейся 12 сентября 2007 г. _fредкол.: пред. Барановский А.И., д.э.н., проф. и др.] |
|
| 210 |
_aОмск _cИзд-во омского экономического института _d2007 |
||
| 215 | _d20 | ||
| 300 | _aВ надзаг.: М-во образования Ом. обл., М-во экономики Ом. обл., Ассоц. негос. вузов России, Администрация г. Омска, Бишкек. фин.-экон. акад. (Кыргыз. Респ.), Караганд. ун-т актуал. образования "Болашак" (Респ. Казахстан), Краснояр. гос. торг.-экон. ин-т, Ом. экон. ин-т | ||
| 463 | 0 | _10011193092 | |
| 463 | 0 | _10011191011 | |
| 606 | 1 |
_aИнновационные процессы _jСъезды, совещания и т.п. _yРоссийская Федерация _92095445 _3RU\NLR\auth\661267878 |
|
| 686 | _aУ9(2)-55(2Р)я431 | ||
| 702 | 1 |
_aБарановский _bА. И. _gАлександр Иосифович _4340 |
|
| 711 | 0 | 2 |
_a"Организация поддержки субъектов малого бизнеса и среднего предпринимательства в области инноваций", круглый стол _f2007 _eОмск _3RU\NLR\AUTH\8810113107 _9725811 |
| 801 | 0 |
_aRU _bNLR _c20080407 _gRCR |
|
| 801 | 1 |
_aRU _bNLR _c20080407 |
|
| 830 | _aред. по ГАК | ||
| 852 |
_aNLR _j2008-3/5255 |
||
| 942 | _cBOOK | ||